000 00715cam a22002292c 4500
001 1828516953
003 DE-627
005 20260206085351.0
007 tu
008 221222s1965 xx ||||| 00| ||ger c
035 _a(DE-627)1828516953
035 _a(DE-599)KXP1828516953
035 _a(OCoLC)1398210031
040 _aDE-627
_bger
_cDE-627
_erakwb
041 _ager
110 2 _aUntersuchungsausschuß Freiheitlicher Juristen
_4aut
245 1 0 _aSBZ-Biographie
_bein biographisches Nachschlagebuch über die sowjetische Besatzungszone Deutschlands
_czsgest. vom Untersuchungsausschuß Freiheitlicher Juristen Berlin
250 _a3. Aufl., Nachdr.
300 _a407 S.
942 _2z
_cB
951 _aBO
999 _c374253
_d374253